000 00944nam a2200277 i 4500
001 bg
245 0 0 _aDrgania mechaniczne :
_bdrgania układów liniowych : praca zbiorowa /
_cpod red. Janusza Wawrzeckiego ; Politechnika Łódzka.
260 _aŁódź :
_bWydawnictwo Politechniki Łódzkiej,
_c2006.
300 _a362 s. :
_bil. ;
_c24 cm.
500 _aNa grzb. i s. red. nr 1123 oznacza kolejną poz. wydawniczą.
504 _aBibliogr. s. 355-356. Indeks.
650 4 _aDrgania
655 _aPodręczniki akademickie
700 1 _aWawrzecki, Janusz.
_eRed.
710 0 _aPolitechnika Łódzka
015 _aPB 15197/2006
020 _a8372831718
040 _cBPK
041 0 _apol
080 _a534
080 _a(075.8)
920 _a83-7283-171-8
942 _cKS
008 s pl f |000 0 pol
999 _c52127
_d52127
856 _uhttp://koha.tu.koszalin.pl/cgi-bin/koha/opac-detail.pl?biblionumber=52127
_yKatalog online BPK